000 00526nam a22001937a 4500
003 KOHA_MİRAKIL
005 20250926134432.0
008 250926b tu ||||| |||| 00| 0 tur d
020 _a9786257705356
040 _aTR-AnABB
_btur
_cTR-AnABB
041 _atur
082 _a813.42
_bAYD 2021
100 1 _aAydoğan, Lokman,
245 1 0 _aKıvılcım /
_cLokman Aydoğan
260 _aAnkara :
_bYeditepe Yayınevi,
_c2021
300 _a325 sayfa ;
_c21 cm
650 0 4 _aTürk edebiyatı, roman
942 _2ddc
_cBK
999 _c8923
_d8923
900 _bGizem YORULMAZ